Match the Cookies Quiz Stats

 Plays Quiz Updated Aug 9, 2017

Support Sporcle.
Go Orange.
Score 0/20 Timer 03:00
4 Plays Today
% Correct
Chips
95.2%
Nutter
93.3%
Fig
90.3%
Thin
90.1%
Wagon
89.5%
Dunk
86.2%
Nilla
85.6%
Famous
83.5%
Pitter
80.5%
Monte
69.7%
% Correct
Lorna
69.3%
Fudge
63.4%
Vienna
57%
E.L.
56.3%
Coconut
52.3%
Jaffa
46.1%
Hello
42.6%
Jammie
33.8%
Swedish
27.1%
Koala's
20.1%

You're not logged in!

Compare scores with friends on all Sporcle quizzes.
OR
Log In
Forgot?

From the Vault

World's Cutest Animals

by Hejman

This quiz is highly scientific and objective.
Remove Ads.
Support Sporcle.
Get the best of Sporcle when you Go Orange. This ad-free experience offers more features, more stats, and more fun while also helping to support Sporcle. Thank you for becoming a member.

Show Comments

Extras

Top Quizzes Today


Score Distribution

Your Account Isn't Verified!

In order to create a playlist on Sporcle, you need to verify the email address you used during registration. Go to your Sporcle Settings to finish the process.

Report this User

Report this user for behavior that violates our Community Guidelines.

Details: